000 00988nam a22003017a 4500
003 CHAP
005 20220329140232.0
008 971013s1972 r 00010 d
010 _a48995
011 _a49967
035 _a54117
040 _cCHAP
090 _aTesis
100 0 0 _aRivera Flores, Javier.
_997644
245 _aProyecto de un programa nacional de producción de miel en los ejidos
260 _aMéxico, D. F. :
_bEl autor,
_c1972
300 _a53 h.
_b; apénd. : ilus.
502 _aTesis (Médico Veterinario Zootecnista) -- UNAM. Facultad de Medicina Veterinaria y Zootecnia
590 _aALEPH
_b10
_c20130110
_lUCH01
_h1321
590 _aBATCH-UPD
_b10
_c20130110
_lUCH01
_h0712
590 _aBATCH-UPD
_b10
_c20130410
_lUCH01
_h0358
590 _aCONVERSION
_b10
_c20130109
_lUCH01
_h1327
650 1 4 _aApicultura
_xAspectos economicos.
_96246
650 1 4 _aMiel de abejas.
_975562
901 _aBK
942 _cTESIS
949 _bBC
_cTES
_d-119588
_eTS1
_i54117
_si
999 _c48995
_d48995